Ayurpathgamini by GCM: (Record no. 214842)

MARC details
000 -LEADER
fixed length control field 00775nam a22002177a 4500
005 - DATE AND TIME OF LATEST TRANSACTION
control field 20260212130505.0
010 ## - LCCN (DPL NO)
LC control number ENG-147815
020 ## - INTERNATIONAL STANDARD BOOK NUMBER
International Standard Book Number 9789391766320
Terms of availability 695.00
035 ## - SYSTEM CONTROL NUMBER
System control number EN-131347
037 ## - SOURCE OF ACQUISITION
Source of stock number/acquisition DBAD
082 ## - DEWEY DECIMAL CLASSIFICATION NUMBER
Classification number 371
Edition number 1
100 ## - MAIN ENTRY--PERSONAL NAME
Personal name Gahalawat, Preeti
245 ## - TITLE STATEMENT
Title Ayurpathgamini by GCM:
Remainder of title A Compilation Book for NT.E.T./
Statement of responsibility, etc Preeti Gahalawat; Manpreet Gahalawat [and] Krishan Gahalawat
250 ## - EDITION STATEMENT
Edition statement 1
260 ## - PUBLICATION, DISTRIBUTION, ETC. (IMPRINT)
Place of publication, distribution, etc New Delhi
Name of publisher, distributor, etc Atharv Publications
Date of publication, distribution, etc 2025
270 ## - ADDRESS
City New Delhi
Address 110, Ist Floor, Gali No. 4, Harphool Vihar, Bapraula
Postal code 110043
Electronic mail address atharvpublications@gmail.com
300 ## - PHYSICAL DESCRIPTION
Extent 272p.
Dimensions 22cm(hb)
700 ## - ADDED ENTRY--PERSONAL NAME
Personal name Gahalawat, Manpreet
Relator term Author
9 (RLIN) 87346
700 ## - ADDED ENTRY--PERSONAL NAME
Personal name Gahalawat, Krishan
Relator term Author
9 (RLIN) 87347
942 ## - ADDED ENTRY ELEMENTS (KOHA)
Source of classification or shelving scheme Dewey Decimal Classification
Item type English Books
Classification part 371
Call number suffix GAH
Holdings
Withdrawn status Lost status Not for loan Collection code Home library Current library Date acquired Source of acquisition Cost, normal purchase price Full call number Barcode Copy number Cost, replacement price Koha item type
      Non-fiction Mobile Library Mobile Library 12/02/2026 Delivery of Books Act Division 695.00 371 GAH EN-131347 1 695.00 English Books

© Delhi Public Library
Hit Counter
free hit counter